000 00960cab a2200265 4500
001 ABS51455
008 090401t1994 xxu||||| |||| 00| 0 eng d
035 _a(Sirsi) u27944
041 _aeng
245 _aProfessional league 94
260 _c1994
350 _a0
490 _aBuilding
_v259(37) 16 September 1994, 23-29(7)
520 _aThe 1994 "Building" league table of professional practices lists the top fifteen multi-disciplinary consultancies, the top twenty consulting engineers and the top fifteen building and quantity surveying practices. Includes details of workload expectations for each category.
650 _aBUILDING SURVEYORS
650 _aCONSULTING ENGINEERS
650 _aLEAGUE TABLE
650 _aMULTI-DISCIPLINARY CONSULTANCIES
650 _aQUANTITY SURVEYORS
650 _aRANKINGS
650 _aWORKLOAD
690 _aMANAGEMENT-BUSINESS MANAGEMENT-PROFESSIONAL PRACTICE
942 _n0
948 _c04/03/1997
999 _c18839
_d18839